000 00800nam a2200205Ii 4500
003 JO-AjNU
008 230605s9999||||xx |||||||||||||| ||und||
040 _aJO-AjNU
_bara
_erda
_cJO-AjNU
041 _aara
050 1 4 _aGV511.Q3 1980
100 3 _aتاليف حسين، قاسم حسن,
_eauthor
_935553
245 0 0 _aالأسس النظرية والعملية لفعاليات العاب الساحة والميدان للمراحل الثالثة لكليات التربية الرياضية
250 _aط1
264 3 1 _aدار المعرفة، 1980
300 _a272ص
_bصور توضبحية
336 _atext
_btxt
_2rdacontent
337 _aunmediated
_bn
_2rdamedia
338 _avolume
_bnc
_2rdacarrier
650 4 _aالعاب الساحة والميدان - الرياضة
_935554
999 _aA14690
_c18258
_d18258